Anime Titles by Synonyms - Statistics

General Stats
  • This quiz has been taken 219 times
  • The average score is 10 of 15
Answer Stats
Hint Answer % Correct
Decease Book Death Note
92%
Singular Strike Guy One Punch Man
88%
Invasion Upon Giant Attack On Titan
87%
Singular Portion One Piece
75%
Fiend Slaughterer Demon Slayer
69%
Clinic Rock Dr. Stone
69%
Our Saviour School My Hero Academia
69%
Katana Craft Connected Sword Art Online
69%
Lonesome Upgrading Solo Leveling
68%
Cleanse Bleach
57%
Dark Trifolium Black Clover
50%
Hydra Sphere Dragon Ball
43%
Rage Berserk
40%
Passcode Power Code Geass
39%
Detective Household Spy Family
38%
No matching quizzes found
Score Distribution
Percent of People with Each Score
Percentile by Number Answered
Your Score History
You have not taken this quiz